=LDR 00000nam 2200000 4500 =001 INLIS000000000002766 =005 20250206084537 =035 ##$$a 0010-0225000056 =007 ta =008 250206###########################0#ind## =020 ##$$a 978-979-3151-96-0 =082 ##$$a 304.66 =084 ##$$a 304.66 BAD m =100 #$$a Badan Kependudukan dan Keluarga Berencana Nasional =245 1#$$a Membangun Keluarga Sejahtera dan Bertanggung Jawab Berdasarkan Perspektif Agama Katolik : $b - /$c Badan Kependudukan dan Keluarga Berencana Nasional (Penulis) =250 ##$$a - =260 ##$$a Jakarta :$b Badan Kependudukan dan Keluarga Berencana Nasional,$c 2007 =300 ##$$a 120 hlm : $b ilus ; $c 20 cm$e - =650 #4$$a Agama =520 ##$$a - =856 ##$$a Perpustakaan BKKBN Pusat